000
00328nam a22001337a 4500
008
170527b xxu||||| |||| 00| 0 eng d
020
_a
2900130494176
041
_a
eng
080
_a
621
100
_a
26
101
_a
IM
245
_a
MECHANICAL PRINCIPLES AND SYSTEMS FOR INDUSTRIAL MAINTENANCE
_c
KNOTEK, R
942
_2
udc
_c
BK
999
_c
14660
_d
14660